000
00266nam a2200109Ia 4500
008
220204s9999 xx 000 0 und d
082
_b
DOM
100
_a
Domonkos, Anthony N
245
0
_a
Andrews disease of the skin
260
_a
London
_b
Saunders
_c
1971
942
_c
BK
999
_c
31881
_d
31881